| 000 | 00859nam a2200277 a 4500 | ||
|---|---|---|---|
| 001 | BRCA_4540 | ||
| 005 | 20190320204717.0 | ||
| 008 | 220910s1920----gw-a######---#000-0#ger-# | ||
| 041 | _ager | ||
| 044 | _agw | ||
| 050 | 4 |
_aNK8404 _b.B47 1920 |
|
| 100 | 1 |
_aBerling, Karl _911501 |
|
| 245 | 1 | 0 |
_aAltes Zinn _bEin Handbuch für Sammler und Liebhaber _cvon Karl Berling. |
| 250 | _a2 | ||
| 260 |
_aBerlín _bRichard Carl Scmidt _c1920 |
||
| 300 |
_a245 p. _bil. _c22 cm. |
||
| 440 | 0 |
_aBibliothek für kunst-und Antiquitätensammler _v16 _911502 |
|
| 500 | _aIncluye índice analítico | ||
| 500 | _aCon 146 ilustraciones incluyendo 3 páneles de marca | ||
| 500 | _aEstado físico: Lomo desprendido | ||
| 500 | _aD12 | ||
| 504 | _aBibliografía: p. 239-241 | ||
| 650 | 1 | 4 |
_aPeltre _xColeccionistas y colecciones _911503 |
| 902 | _aGFM | ||
| 942 |
_2lcc _cB |
||
| 999 |
_c4246 _d4246 |
||